书目信息 |
| 题名: |
网页设计与制作教程
|
|
| 作者: | 赵祖荫 主编 ;胡耀芳 , 周晓燕 , 赵卓群 编著 | |
| 分册: | ||
| 出版信息: | 北京 清华大学出版社 2005.2 |
|
| 页数: | XI,368页 | |
| 开本: | 26cm | |
| 丛书名: | ||
| 单 册: | ||
| 中图分类: | TP393.092-43 | |
| 科图分类: | ||
| 主题词: | 网页--wang ye--制作--高等学校--教材 | |
| 电子资源: | ||
| ISBN: | 7-302-10323-2 | |
| 000 | 01338nam0 2200361 450 | |
| 000 | 01357nam0 2200361 450 | |
| 000 | 01320nam0 2200349 450 | |
| 000 | 01281nam0 2200337 450 | |
| 000 | 01238nam0 2200325 450 | |
| 000 | 01227nam0 2200325 450 | |
| 000 | 01190nam0 2200313 45 | |
| 001 | 012005000000 | |
| 005 | 20051214090056.73 | |
| 010 | @a7-302-10323-2@dCNY29.80 | |
| 100 | @a20051107e2005 em y0chiy0121 ea | |
| 101 | 0 | @achi |
| 102 | @aCN@b110000 | |
| 105 | @af z 000yy | |
| 200 | 1 | @a网页设计与制作教程@Awang ye she ji yu zhi zuo jiao cheng@f赵祖荫主编@g胡耀芳,周晓燕,赵卓群编著 |
| 205 | @a2版 | |
| 210 | @a北京@c清华大学出版社@d2005.2@h2005.8重印 | |
| 215 | @aXI,368页@c图@d26cm | |
| 300 | @a高等学校文科类专业大学计算机规划教材 | |
| 330 | @a本书分17章,介绍了Fireworks MX、Flash MX、Dreamweaver MX的主要特点和功能、Fireworks MX的主要功能及使用方法、Flash MX的主要功能及使用方法、网页设计软件Dreamweaver MX的主要功能及使用方法。 | |
| 333 | @a阅读对象:高等院校相关专业师生等 | |
| 606 | 0 | @a网页@Awang ye@x制作@x高等学校@j教材 |
| 690 | @aTP393.092-43@v4 | |
| 701 | 0 | @a赵祖荫@Azhao zu yin@4主编 |
| 702 | 0 | @a胡耀芳@Ahu yao fang@4编著 |
| 702 | 0 | @a周晓燕@Azhou xiao yan@4编著 |
| 702 | 0 | @a赵卓群@Azhao zhuo qun@4编著 |
| 801 | 0 | @aCN@bSRXX@c20051214 |
| 905 | @a10447@dTP393.092-43@eZ340-2 | |
| 网页设计与制作教程/赵祖荫主编/胡耀芳,周晓燕,赵卓群编著.-2版.-北京:清华大学出版社,2005.2(2005.8重印) |
| XI,368页:图;26cm |
| 高等学校文科类专业大学计算机规划教材.-使用对象:阅读对象:高等院校相关专业师生等 |
| ISBN 7-302-10323-2:CNY29.80 |
| 本书分17章,介绍了Fireworks MX、Flash MX、Dreamweaver MX的主要特点和功能、Fireworks MX的主要功能及使用方法、Flash MX的主要功能及使用方法、网页设计软件Dreamweaver MX的主要功能及使用方法。 |
| ● |
| 相关链接 |
|
|
|
正题名:网页设计与制作教程
索取号:TP393.092-43/Z340-2
 
预约/预借
| 序号 | 登录号 | 条形码 | 馆藏地/架位号 | 状态 | 备注 |
| 1 | 547670 | 205476705 | 自科库301/301自科库 131排1列1层/ [索取号:TP393.092-43/Z340-2] | 在馆 | |
| 2 | 547671 | 205476714 | 自科二线400A/400A自科库 1排1列3层/ [索取号:TP393.092-43/Z340-2] | 在馆 | |
| 3 | 547672 | 205476723 | 自科库301/301自科库 131排1列1层/ [索取号:TP393.092-43/Z340-2] | 在馆 |